Euros 2024 Serbia Squad - Statistics

General Stats
  • This quiz has been taken 53 times
  • The average score is 12 of 35
Answer Stats
Pos Club Answer % Correct
FW Juventus Dusan Vlahovic
89%
FW Al Hilal Aleksandar Mitrovic
87%
MF Al Hilal Sergej Milinkovic-Savic
87%
GK Torino Vanja Milinkovic-Savic
87%
GK Chelsea Dorde Petrovic
78%
MF Juventus Filip Kostic
63%
DF Sevilla Nemanja Gudelj
63%
DF Fiorentina Nikola Milenkovic
63%
MF Fulham Sasa Lukic
61%
FW Milan Luka Jovic
54%
MF Fenerbahce Dusan Tadic
50%
GK Mallorca Predrag Rajkovic
43%
DF Salzburg Strahinja Pavlovic
41%
MF Getafe Nemanja Maksimovic
33%
MF Torino Ivan Ilic
24%
MF PAOK Andrija Zivkovic
22%
MF Udinese Lazar Samardzic
22%
FW Vojvodina Mihailo Ivanovic
20%
DF Panathinaikos Filip Mladenovic
17%
FW Salzburg Petar Ratkov
17%
GK Partizan Aleksandar Jovanovic
15%
DF Milan Jan-Carlo Simic
15%
MF AEK Athens Mijat Gacinovic
15%
DF Werder Bremen Milos Veljkovic
15%
DF Spartak Moscow Srdan Babic
13%
DF Zenit Strahinja Erakovic
13%
MF Sparta Prague Veljko Birmancevic
13%
MF Mallorca Nemanja Radonjic
11%
DF Red Star Uros Spajic
11%
DF TSC Backa Nemanja Stojic
9%
FW Partizan Samed Bazdar
7%
MF CSKA Moscow Sasa Zdjelar
7%
MF TSC Backa Aleksandar Cirkovic
4%
MF Radnicki Matija Gluscevic
4%
MF Red Star Srdan Mijailovic
4%
No matching quizzes found
Score Distribution
Percent of People with Each Score
Percentile by Number Answered
Your Score History
You have not taken this quiz